Szczegóły MARC21

Dwujęzyczność i wychowanie dwujęzyczne z perspektywy lingwistyki i logopedii /

005 -DATA I CZAS OSTATNIEJ MODYFIKACJI [,]
    • @
    • pole kontrolne
    • 20111104113842.0
020 -Międzynarod. znormalizowany nr książki - ISBN [ , ]
    • a
    • Numer ISBN
    • 9788373268302 Find
040 -Instytucja sporządzająca opis [ , ]
    • a
    • Instytucja, która sporządziła opis (NP)
    • SZCZ U/KLR
    • c
    • Instytucja, która sporządziła rekord (NP)
    • SZCZ U/KLR
    • d
    • Instytucja, która zmodyfikowała rekord (P)
    • SZCZ U/AP
041 -Język dokumentu [0, ]
    • a
    • Język tekstu (P)
    • polski
044 -Kraj miejsca wydania [ , ]
    • a
    • Kraj miejsca wydania
    • Polska
942 -Rodzaj dokumentu [ , ]
    • c
    • Rodzaj dokumentu
    • Książka
100 -Hasło główne - nazwa osobowa [1, ]
    • 9
    • KHW
    • 27461
    • a
    • Nazwa osobowa (NP)
    • Rocławska-Daniluk, Małgorzata.
245 -Strefa tytułu i oznaczenia odpowiedzialności [1,0]
    • a
    • Tytuł
    • Dwujęzyczność i wychowanie dwujęzyczne z perspektywy lingwistyki i logopedii / Find
    • c
    • Pozostałe elementy strefy tytułu i oznaczenia odpowiedzialności (NP)
    • Małgorzata Rocławska-Daniluk.
260 -Strefa adresu wydawniczego [ , ]
    • a
    • Miejsce wydania (P)
    • Gdańsk :
    • b
    • Nazwa wydawcy (P)
    • Wydawnictwo Uniwersytetu Gdańskiego,
    • c
    • Data wydania (P)
    • 2011.
300 -Strefa opisu fizycznego [ , ]
    • a
    • Określenie formy książki i/lub objętość (NP)
    • 188 s. :
    • b
    • Oznaczenie ilustracji (NP)
    • il. ;
    • c
    • Format (NP)
    • 24 cm.
504 -Uwaga dot. bibliogr. załącznikowej [ , ]
    • a
    • Uwaga dot. bibliografii załącznikowej
    • Bibliogr. Ind.
080 -Uniwersalna Klasyfikacja Dziesiętna [ , ]
    • 2
    • Identyfikator wydania tablic
    • UDC-P058
    • 9
    • UKD
    • 6391
    • a
    • Symbol klasyfikacji
    • 81'246
    • b
    • Dopowiedzenie
    • Jednojęzyczność i wielojęzyczność. Dwujęzyczność. Poliglotyzm.
080 -Uniwersalna Klasyfikacja Dziesiętna [ , ]
    • 2
    • Identyfikator wydania tablic
    • UDC-P058
    • 9
    • UKD
    • 10788
    • a
    • Symbol klasyfikacji
    • 37.016:811
    • b
    • Dopowiedzenie
    • Nauczanie języków.
080 -Uniwersalna Klasyfikacja Dziesiętna [ , ]
    • 2
    • Identyfikator wydania tablic
    • UDC-P058
    • 9
    • UKD
    • 3920
    • a
    • Symbol klasyfikacji
    • 376-056.264
    • b
    • Dopowiedzenie
    • Nauczanie (rewalidacja) osób z zaburzeniami mowy. Pedagogika zaburzeń mowy. Logopedia. Patologopedia. Logoterapia.
980 -Symbol UKD [ , ]
    • a
    • UKD
    • 81'246:37.016:811:376-056.264
920 -ISBN [ , ]
    • a
    • ISBN
    • 978-83-7326-830-2 Find
Numer inwentarzowy Status udost. Lokalizacja Data inwentaryzacji
Z.1156191BG2011-10-26